| 000 | 00324nam a22001097a 4500 | ||
|---|---|---|---|
| 082 | _a900 | ||
| 100 |
_aTeipathi Snehil and Bansal, Sonali _979718 |
||
| 245 | _aPost Independence India civil services and other Examst Independence India | ||
| 260 |
_aChennai _b McGraw Hill _c2020 |
||
| 650 |
_aHistory _979719 |
||
| 942 | _cBK | ||
| 999 |
_c63336 _d63336 |
||